|
|
|
|
| LEADER |
00910nam a2200253 a 4500 |
| 001 |
701085 |
| 008 |
100104s1988 enka b 001 0 eng d |
| 010 |
|
|
|a gb 88002441
|
| 020 |
|
|
|a 0333458095 (cased)
|
| 020 |
|
|
|a 0333458109 (pbk)
|
| 040 |
|
|
|a UKM
|c UKM
|d BD-DhAAL
|
| 082 |
0 |
4 |
|a 306/.36
|2 19
|
| 100 |
1 |
|
|a Dex, Shirley.
|
| 245 |
1 |
0 |
|a Women's attitudes towards work /
|c Shirley Dex.
|
| 260 |
|
|
|a Basingstoke :
|b Macmillan,
|c 1988.
|
| 300 |
|
|
|a x, 187 p. :
|b ill. ;
|c 22 cm.
|
| 504 |
|
|
|a Includes bibliography and index.
|
| 541 |
1 |
|
|e 00004356
|
| 650 |
|
0 |
|a Women
|x Employment.
|
| 650 |
|
0 |
|a Women
|x Attitudes.
|
| 653 |
|
|
|a Work
|a Attitudes of women
|
| 852 |
4 |
|
|a Ayesha Abed Library
|j General Shelf.
|
| 999 |
|
|
|c 6715
|d 6715
|
| 952 |
|
|
|0 0
|1 0
|2 ddc
|4 0
|6 306_360000000000000_DEX_1988
|7 0
|9 6893
|a BRACUL
|b BRACUL
|c GEN
|d 2010-01-06
|g 0.00
|l 1
|o 306.36 DEX
|p 3010004356
|r 2019-01-30
|s 2019-01-23
|t 1
|w 2010-01-06
|y BK
|z Not price in Register
|